00440nam a2200169Ia 4500003000400000008004100004040001600045082001800061100001800079245004700097260003900144650001900183650001400202650002000216650002000236650001400256GCL140319s9999 xx 000 0 eng d aGCL / cGCL04a333.9115bM W1 aMAYS, LARRY W10aWATER RESOURCES HANDBOOK / cMAYS, LARRY W a[S.N] : bMC GRAW - HILL ، c199604aWATER - SUPPLY04aECONOMICS04aWATER ECONOMICS04aWATER RESOURCES04aWATER LAW